[Event "Sport Summer 2016"]
[Site "Paracin"]
[Date "2016.07.14"]
[Round "9.1"]
[White "Sredojevic, Ivan"]
[Black "Kadric, Denis"]
[Result "1/2-1/2"]
[BlackElo "2562"]
[WhiteElo "2342"]
[LiveChessVersion "1.4.8"]

1. e4 {[%clk 1:30:23]} d6 {[%clk 1:30:55]} 2. d4 {[%clk 1:30:49]} Nf6
{[%clk 1:31:22]} 3. Nc3 {[%clk 1:28:31]} e5 {[%clk 1:31:38]} 4. Nge2
{[%clk 1:28:43]} Nbd7 {[%clk 1:32:02]} 5. f3 {[%clk 1:29:04]} h5 {[%clk 1:32:24]}
6. Be3 {[%clk 1:29:12]} c6 {[%clk 1:32:51]} 7. Qd2 {[%clk 1:29:24]} b5
{[%clk 1:32:11]} 8. a4 {[%clk 1:25:01]} b4 {[%clk 1:30:50]} 9. Nd1
{[%clk 1:25:21]} a5 {[%clk 1:31:14]} 10. c3 {[%clk 1:24:45]} bxc3
{[%clk 1:31:41]} 11. Nexc3 {[%clk 1:23:05]} Be7 {[%clk 1:28:10]} 12. d5
{[%clk 1:20:41]} cxd5 {[%clk 1:26:19]} 13. Nxd5 {[%clk 1:20:14]} Nxd5
{[%clk 1:26:46]} 14. Qxd5 {[%clk 1:20:36]} Rb8 {[%clk 1:27:14]} 15. Bb5
{[%clk 1:20:11]} O-O {[%clk 1:26:27]} 16. Nc3 {[%clk 1:13:17]} Nf6
{[%clk 1:03:09]} 17. Qd2 {[%clk 1:13:12]} Be6 {[%clk 0:57:59]} 18. O-O
{[%clk 1:06:11]} Qc7 {[%clk 0:53:25]} 19. Rac1 {[%clk 0:54:10]} Qb7
{[%clk 0:53:52]} 20. Qe2 {[%clk 0:52:38]} Rfd8 {[%clk 0:49:11]} 1/2-1/2

[Event "Sport Summer 2016"]
[Site "Paracin"]
[Date "2016.07.14"]
[Round "9.2"]
[White "Berkes, Ferenc"]
[Black "Fang, Yuxiang"]
[Result "1-0"]
[BlackElo "2494"]
[WhiteElo "2640"]
[LiveChessVersion "1.4.8"]

1. d4 {[%clk 1:30:56]} d5 {[%clk 1:26:49]} 2. Nf3 {[%clk 1:31:23]} Nf6
{[%clk 1:26:20]} 3. Bf4 {[%clk 1:31:46]} c5 {[%clk 1:22:44]} 4. e3
{[%clk 1:32:08]} Nc6 {[%clk 1:22:14]} 5. Nbd2 {[%clk 1:32:30]} Bg4
{[%clk 1:16:09]} 6. c3 {[%clk 1:32:40]} cxd4 {[%clk 1:12:26]} 7. exd4
{[%clk 1:33:01]} e6 {[%clk 1:11:53]} 8. Qb3 {[%clk 1:32:10]} Qc8 {[%clk 1:11:14]}
9. Bd3 {[%clk 1:32:26]} Be7 {[%clk 1:10:05]} 10. O-O {[%clk 1:32:48]} Bh5
{[%clk 1:08:50]} 11. Ne5 {[%clk 1:33:06]} O-O {[%clk 1:05:13]} 12. Qc2
{[%clk 1:33:23]} Kh8 {[%clk 1:01:01]} 13. Rae1 {[%clk 1:27:24]} Nxe5
{[%clk 0:57:41]} 14. Bxe5 {[%clk 1:17:17]} Bg6 {[%clk 0:54:17]} 15. f4
{[%clk 0:59:49]} Bxd3 {[%clk 0:49:59]} 16. Qxd3 {[%clk 0:59:29]} g6
{[%clk 0:45:15]} 17. Qh3 {[%clk 0:55:58]} Kg8 {[%clk 0:45:12]} 18. Rf3
{[%clk 0:52:45]} Re8 {[%clk 0:42:59]} 19. g4 {[%clk 0:45:53]} Qd8
{[%clk 0:42:28]} 20. f5 {[%clk 0:44:41]} exf5 {[%clk 0:42:47]} 21. gxf5
{[%clk 0:45:04]} Nh5 {[%clk 0:36:48]} 22. Kh1 {[%clk 0:37:52]} Bg5
{[%clk 0:22:02]} 23. Rg1 {[%clk 0:38:15]} Ng7 {[%clk 0:20:34]} 24. Nb3
{[%clk 0:36:10]} b6 {[%clk 0:11:46]} 25. f6 {[%clk 0:35:45]} 1-0

[Event "Sport Summer 2016"]
[Site "Paracin"]
[Date "2016.07.14"]
[Round "9.3"]
[White "Atalik, Suat"]
[Black "Cabarkapa, Novak"]
[Result "1/2-1/2"]
[BlackElo "2424"]
[WhiteElo "2564"]
[LiveChessVersion "1.4.8"]

1. d4 {[%clk 1:30:51]} Nf6 {[%clk 1:30:54]} 2. Nf3 {[%clk 1:31:08]} g6
{[%clk 1:31:19]} 3. g3 {[%clk 1:31:24]} Bg7 {[%clk 1:31:39]} 4. Bg2
{[%clk 1:31:47]} O-O {[%clk 1:32:03]} 5. O-O {[%clk 1:32:11]} d6 {[%clk 1:32:26]}
6. a4 {[%clk 1:32:11]} a5 {[%clk 1:28:29]} 7. Nc3 {[%clk 1:32:21]} d5
{[%clk 1:24:59]} 8. Re1 {[%clk 1:32:34]} c6 {[%clk 1:24:18]} 9. e4
{[%clk 1:31:09]} dxe4 {[%clk 1:21:31]} 10. Nxe4 {[%clk 1:31:30]} Nxe4
{[%clk 1:19:54]} 11. Rxe4 {[%clk 1:31:53]} Bf5 {[%clk 1:19:51]} 12. Re1
{[%clk 1:29:44]} Nd7 {[%clk 1:12:05]} 13. c3 {[%clk 1:21:39]} e5 {[%clk 1:06:02]}
14. dxe5 {[%clk 1:21:32]} Nxe5 {[%clk 1:05:53]} 15. Nxe5 {[%clk 1:21:55]} Qxd1
{[%clk 1:05:49]} 16. Rxd1 {[%clk 1:22:19]} Bxe5 {[%clk 1:06:16]} 17. Be3
{[%clk 1:22:19]} Bc7 {[%clk 0:54:37]} 18. Bf3 {[%clk 1:19:51]} Rad8
{[%clk 0:51:30]} 19. Kg2 {[%clk 1:17:26]} Rxd1 {[%clk 0:51:21]} 20. Rxd1
{[%clk 1:17:08]} Rd8 {[%clk 0:51:44]} 21. Rc1 {[%clk 1:10:14]} Be5
{[%clk 0:46:33]} 22. b4 {[%clk 1:01:54]} Rd3 {[%clk 0:41:58]} 23. bxa5
{[%clk 0:59:32]} Rxc3 {[%clk 0:42:16]} 24. Rxc3 {[%clk 0:58:27]} Bxc3
{[%clk 0:42:28]} 25. a6 {[%clk 0:58:55]} bxa6 {[%clk 0:42:50]} 26. Bxc6
{[%clk 0:59:20]} Bd3 {[%clk 0:40:08]} 27. Bc5 {[%clk 0:57:47]} f6
{[%clk 0:38:22]} 28. Kf3 {[%clk 0:56:46]} Bd2 {[%clk 0:38:27]} 29. Be3
{[%clk 0:54:42]} Bc3 {[%clk 0:37:54]} 30. Bc5 {[%clk 0:54:12]} Bd2
{[%clk 0:38:05]} 31. Be3 {[%clk 0:53:44]} Bc3 {[%clk 0:38:29]} 32. Bb6
{[%clk 0:53:25]} Bd2 {[%clk 0:38:52]} 33. Be3 {[%clk 0:53:19]} 1/2-1/2

[Event "Sport Summer 2016"]
[Site "Paracin"]
[Date "2016.07.14"]
[Round "9.4"]
[White "Zajic, Milan"]
[Black "Kasparov, Sergey"]
[Result "1/2-1/2"]
[BlackElo "2470"]
[WhiteElo "2481"]
[LiveChessVersion "1.4.8"]

1. e4 {[%clk 1:27:35]} d5 {[%clk 1:30:49]} 2. exd5 {[%clk 1:27:26]} Qxd5
{[%clk 1:31:17]} 3. Nc3 {[%clk 1:27:19]} Qd6 {[%clk 1:31:45]} 4. d4
{[%clk 1:27:30]} Nf6 {[%clk 1:32:13]} 5. Bc4 {[%clk 1:26:16]} a6 {[%clk 1:32:38]}
6. Nge2 {[%clk 1:26:19]} b5 {[%clk 1:33:07]} 7. Bb3 {[%clk 1:25:49]} e6
{[%clk 1:33:27]} 8. O-O {[%clk 1:24:16]} Bb7 {[%clk 1:31:41]} 9. Bf4
{[%clk 1:23:33]} Qd7 {[%clk 1:31:47]} 10. a4 {[%clk 1:13:57]} b4 {[%clk 1:31:49]}
11. Na2 {[%clk 1:12:30]} Nc6 {[%clk 1:30:22]} 12. c3 {[%clk 1:06:35]} Be7
{[%clk 1:28:13]} 13. Nac1 {[%clk 1:00:28]} O-O {[%clk 1:23:21]} 14. a5
{[%clk 0:58:49]} Bd6 {[%clk 1:19:29]} 15. Nd3 {[%clk 0:58:05]} bxc3
{[%clk 1:18:51]} 16. bxc3 {[%clk 0:57:19]} Ne7 {[%clk 1:18:02]} 17. Qc2
{[%clk 0:42:48]} Ng6 {[%clk 1:17:20]} 18. Ba4 {[%clk 0:39:28]} Bc6
{[%clk 1:16:41]} 19. Rfd1 {[%clk 0:31:56]} Bxa4 {[%clk 1:15:32]} 20. Rxa4
{[%clk 0:29:30]} Nxf4 {[%clk 1:14:35]} 21. Nexf4 {[%clk 0:28:51]} Qb5
{[%clk 1:14:01]} 22. Ra2 {[%clk 0:26:53]} Rab8 {[%clk 1:13:20]} 23. g3
{[%clk 0:25:52]} Rfd8 {[%clk 1:12:19]} 24. Ng2 {[%clk 0:20:41]} c5
{[%clk 1:08:45]} 25. c4 Qc6 {[%clk 1:08:46]} 26. dxc5 {[%clk 0:18:21]} Bxc5
{[%clk 1:08:14]} 27. Nxc5 {[%clk 0:18:28]} Qxc5 {[%clk 1:08:11]} 28. Ne3
{[%clk 0:18:31]} h5 {[%clk 1:07:42]} 29. h4 {[%clk 0:13:29]} Ng4 {[%clk 1:05:32]}
30. Nxg4 {[%clk 0:12:19]} hxg4 {[%clk 1:03:54]} 31. Raa1 {[%clk 0:10:21]} Rdc8
{[%clk 1:03:05]} 32. Rd2 {[%clk 0:05:59]} Qe5 {[%clk 1:00:08]} 33. Rc1
{[%clk 0:03:15]} Qxa5 {[%clk 0:59:20]} 34. Rd6 {[%clk 0:03:10]} Qe5
{[%clk 0:53:03]} 35. Rxa6 {[%clk 0:01:50]} Rb2 {[%clk 0:52:54]} 36. Qd1
{[%clk 0:00:54]} Qc5 {[%clk 0:49:13]} 37. Qe1 {[%clk 0:00:36]} Rd8
{[%clk 0:48:30]} 38. Ra5 {[%clk 0:00:57]} Qc6 {[%clk 0:47:53]} 39. Qe5
{[%clk 0:00:36]} Rbd2 {[%clk 0:42:38]} 40. Raa1 {[%clk 0:00:35]} Rxf2
{[%clk 0:41:00]} 41. Kxf2 {[%clk 0:00:43]} Qf3+ {[%clk 0:40:50]} 42. Ke1
{[%clk 0:00:35]} Qh1+ {[%clk 0:40:26]} 43. Ke2 {[%clk 0:00:36]} Qg2+
{[%clk 0:40:43]} 44. Ke1 {[%clk 0:01:01]} Qh1+ {[%clk 0:40:04]} 45. Kf2
{[%clk 0:00:37]} Qf3+ {[%clk 0:39:39]} 46. Ke1 {[%clk 0:00:35]} Rd3
{[%clk 0:36:46]} 47. c5 {[%clk 0:00:31]} Re3+ {[%clk 0:36:31]} 48. Qxe3
{[%clk 0:01:00]} Qxe3+ {[%clk 0:36:56]} 49. Kd1 {[%clk 0:01:19]} Qd3+
{[%clk 0:37:20]} 50. Ke1 {[%clk 0:01:44]} 1/2-1/2

[Event "Sport Summer 2016"]
[Site "Paracin"]
[Date "2016.07.14"]
[Round "9.5"]
[White "Georgiev, Kiril"]
[Black "Ratkovic, Miloje"]
[Result "1-0"]
[BlackElo "2404"]
[WhiteElo "2613"]
[LiveChessVersion "1.4.8"]

1. d4 {[%clk 1:29:48]} Nf6 {[%clk 1:30:47]} 2. c4 {[%clk 1:29:49]} c5
{[%clk 1:30:34]} 3. d5 {[%clk 1:29:45]} b5 {[%clk 1:30:32]} 4. Nf3
{[%clk 1:27:26]} g6 {[%clk 1:30:28]} 5. cxb5 {[%clk 1:27:02]} a6 {[%clk 1:30:20]}
6. b6 {[%clk 1:27:10]} d6 {[%clk 1:30:22]} 7. Nc3 {[%clk 1:27:26]} Nbd7
{[%clk 1:30:25]} 8. e4 {[%clk 1:27:14]} Rb8 {[%clk 1:30:09]} 9. Be2
{[%clk 1:25:57]} Bg7 {[%clk 1:30:01]} 10. O-O {[%clk 1:26:20]} O-O
{[%clk 1:30:23]} 11. Bf4 {[%clk 1:24:12]} Ne8 {[%clk 1:27:10]} 12. Qc2
{[%clk 1:22:42]} f5 {[%clk 1:12:39]} 13. Rad1 {[%clk 1:10:31]} fxe4
{[%clk 1:05:00]} 14. Qxe4 {[%clk 1:10:21]} Ndf6 {[%clk 1:02:08]} 15. Qc2
{[%clk 1:05:27]} Rxb6 {[%clk 1:02:22]} 16. Rfe1 {[%clk 0:59:05]} Nc7
{[%clk 1:01:11]} 17. Bg5 {[%clk 0:55:15]} Kh8 {[%clk 0:53:14]} 18. b3
{[%clk 0:53:11]} Bf5 {[%clk 0:47:44]} 19. Qc1 {[%clk 0:51:15]} Rb4
{[%clk 0:32:53]} 20. Bc4 {[%clk 0:41:14]} Bg4 {[%clk 0:30:23]} 21. Rd3
{[%clk 0:40:26]} Ng8 {[%clk 0:29:58]} 22. Nh4 {[%clk 0:39:53]} Qe8
{[%clk 0:25:14]} 23. Ne4 {[%clk 0:36:17]} Rb6 {[%clk 0:22:41]} 24. Nxc5
{[%clk 0:33:33]} h6 {[%clk 0:18:58]} 25. Bxe7 {[%clk 0:33:03]} dxc5
{[%clk 0:14:51]} 26. d6 {[%clk 0:29:09]} 1-0

[Event "Sport Summer 2016"]
[Site "Paracin"]
[Date "2016.07.14"]
[Round "9.6"]
[White "Nester, Ihor"]
[Black "Savic, Miodrag R"]
[Result "0-1"]
[BlackElo "2507"]
[WhiteElo "2300"]
[LiveChessVersion "1.4.8"]

1. Nf3 {[%clk 1:30:57]} Nf6 {[%clk 1:30:53]} 2. c4 {[%clk 1:31:24]} e6
{[%clk 1:31:09]} 3. g3 {[%clk 1:31:47]} d5 {[%clk 1:31:31]} 4. d4
{[%clk 1:32:10]} Be7 {[%clk 1:30:35]} 5. Bg2 {[%clk 1:32:34]} O-O
{[%clk 1:30:40]} 6. O-O {[%clk 1:32:58]} dxc4 {[%clk 1:31:04]} 7. Qc2
{[%clk 1:33:25]} a6 {[%clk 1:31:00]} 8. Qxc4 {[%clk 1:33:49]} b5 {[%clk 1:31:23]}
9. Qc2 {[%clk 1:34:15]} Bb7 {[%clk 1:31:46]} 10. Bd2 {[%clk 1:34:39]} Be4
{[%clk 1:30:48]} 11. Qc1 {[%clk 1:35:04]} Nc6 {[%clk 1:27:24]} 12. e3
{[%clk 1:26:20]} b4 {[%clk 1:25:30]} 13. Ne5 {[%clk 1:19:40]} Bxg2
{[%clk 1:17:08]} 14. Nxc6 {[%clk 1:20:00]} Bxc6 {[%clk 1:16:37]} 15. Qxc6
{[%clk 1:20:28]} Bd6 {[%clk 1:00:44]} 16. Rc1 {[%clk 1:01:04]} a5
{[%clk 0:57:16]} 17. Be1 {[%clk 0:48:16]} e5 {[%clk 0:56:04]} 18. d5
{[%clk 0:47:33]} e4 {[%clk 0:54:34]} 19. Nd2 {[%clk 0:47:32]} Qc8
{[%clk 0:52:34]} 20. Kg2 {[%clk 0:41:32]} Qf5 {[%clk 0:45:27]} 21. Rc4
{[%clk 0:41:49]} h5 {[%clk 0:43:48]} 22. f3 {[%clk 0:26:21]} exf3+
{[%clk 0:40:56]} 23. Nxf3 {[%clk 0:26:48]} Rae8 {[%clk 0:40:14]} 24. Bf2
{[%clk 0:26:22]} Ng4 {[%clk 0:36:58]} 25. Re1 {[%clk 0:26:31]} h4
{[%clk 0:35:22]} 26. gxh4 {[%clk 0:26:22]} Qg6 {[%clk 0:26:39]} 27. Kf1
{[%clk 0:24:13]} Qd3+ {[%clk 0:26:04]} 28. Kg2 {[%clk 0:24:38]} Nxe3+
{[%clk 0:23:57]} 29. Bxe3 {[%clk 0:24:38]} Rxe3 {[%clk 0:24:25]} 30. Rxe3
{[%clk 0:24:51]} Qxe3 {[%clk 0:24:52]} 31. Rc2 {[%clk 0:24:34]} Re8
{[%clk 0:23:54]} 32. Qa6 {[%clk 0:24:42]} Qe4 {[%clk 0:22:18]} 33. Qc6
{[%clk 0:23:22]} Re5 {[%clk 0:19:15]} 34. Qa8+ {[%clk 0:17:50]} Kh7
{[%clk 0:19:41]} 35. Rf2 {[%clk 0:17:11]} Bc5 {[%clk 0:16:57]} 36. Rf1
{[%clk 0:15:44]} Qe2+ {[%clk 0:14:53]} 37. Kg3 {[%clk 0:16:13]} Qxf1
{[%clk 0:12:14]} 38. Nxe5 {[%clk 0:16:34]} Bd6 {[%clk 0:11:11]} 39. Qe8
{[%clk 0:16:59]} Qf5 0-1

[Event "Sport Summer 2016"]
[Site "Paracin"]
[Date "2016.07.14"]
[Round "9.7"]
[White "Kosic, Dragan"]
[Black "Baglan, Esat"]
[Result "1-0"]
[BlackElo "2246"]
[WhiteElo "2504"]
[LiveChessVersion "1.4.8"]

1. d4 d5 2. Nf3 Nf6 3. c4 c6 4. e3 Bf5 5. Nc3 e6 6. Nh4 Be4 7. f3 Bg6 8. Qb3 Qc7
9. Nxg6 hxg6 10. g3 Nbd7 11. Bd2 Be7 12. Rc1 Qb6 13. Kf2 g5 14. Qxb6 axb6 15.
cxd5 Nxd5 16. a3 Nxc3 17. Bxc3 b5 18. e4 Nb6 19. d5 O-O 20. dxc6 bxc6 21. Bd4 c5
22. Bxc5 Rfc8 23. Be3 Nc4 24. Bxc4 bxc4 25. Bd4 Bc5 26. Bxc5 Rxc5 27. b4 Rc7 28.
Rc3 Rca7 29. Ra1 Ra4 30. Rxc4 Rxa3 31. Rxa3 Rxa3 32. b5 Rb3 33. Rc8+ Kh7 34. Rb8
Rb2+ 35. Ke3 Rxh2 36. b6 Rb2 37. Kd4 Kg6 38. Kc5 Rb3 39. Rd8 g4 40. fxg4 Kg5 41.
Rd7 Kxg4 42. Rxf7 g5 43. b7 Kxg3 44. Kc6 g4 45. Rf8 Rb4 46. e5 1-0

[Event "Sport Summer 2016"]
[Site "Paracin"]
[Date "2016.07.14"]
[Round "9.9"]
[White "Atakisi, Umut"]
[Black "Damljanovic, Branko"]
[Result "1/2-1/2"]
[BlackElo "2557"]
[WhiteElo "2378"]
[LiveChessVersion "1.4.8"]

1. Nf3 {[%clk 1:29:18]} Nf6 {[%clk 1:30:52]} 2. c4 {[%clk 1:29:40]} g6
{[%clk 1:31:19]} 3. g3 {[%clk 1:30:06]} Bg7 {[%clk 1:31:43]} 4. Bg2
{[%clk 1:30:24]} O-O {[%clk 1:32:10]} 5. O-O {[%clk 1:30:47]} d6 {[%clk 1:32:35]}
6. d4 {[%clk 1:31:14]} Nc6 {[%clk 1:32:58]} 7. Nc3 {[%clk 1:31:32]} Bf5
{[%clk 1:32:55]} 8. b3 {[%clk 1:31:57]} e5 {[%clk 1:30:02]} 9. dxe5
{[%clk 1:26:39]} dxe5 {[%clk 1:30:23]} 10. Ba3 {[%clk 1:08:29]} Re8
{[%clk 1:29:38]} 11. Nh4 {[%clk 0:55:06]} Bd7 {[%clk 1:25:03]} 12. e4
{[%clk 0:52:27]} Nd4 {[%clk 1:22:30]} 13. Ne2 {[%clk 0:48:07]} Bc6
{[%clk 1:17:16]} 14. f3 {[%clk 0:44:22]} Nh5 {[%clk 1:09:32]} 15. Bb2
{[%clk 0:38:14]} a5 {[%clk 1:04:08]} 16. Nxd4 {[%clk 0:27:44]} exd4
{[%clk 1:03:09]} 17. Rf2 {[%clk 0:26:40]} Qd6 {[%clk 0:50:00]} 18. Rd2
{[%clk 0:23:55]} Rad8 {[%clk 0:31:02]} 19. Qf1 {[%clk 0:23:01]} f5
{[%clk 0:22:00]} 20. Rad1 {[%clk 0:17:15]} fxe4 {[%clk 0:19:43]} 21. fxe4
{[%clk 0:17:02]} Bxe4 {[%clk 0:19:54]} 22. Bxd4 {[%clk 0:15:48]} Bxg2
{[%clk 0:17:11]} 23. Qxg2 {[%clk 0:12:57]} Bh6 {[%clk 0:02:42]} 24. Rd3
{[%clk 0:13:00]} c5 {[%clk 0:03:04]} 25. Bf2 {[%clk 0:11:24]} Qxd3
{[%clk 0:03:32]} 26. Rxd3 {[%clk 0:11:46]} Rxd3 {[%clk 0:03:57]} 27. Qxb7
{[%clk 0:11:52]} Rd1+ {[%clk 0:04:10]} 28. Kg2 {[%clk 0:12:20]} Rd2
{[%clk 0:04:36]} 29. Nf3 {[%clk 0:12:06]} Rxa2 {[%clk 0:05:04]} 30. Ne5
{[%clk 0:05:24]} Rf8 {[%clk 0:04:56]} 31. Ng4 {[%clk 0:05:44]} Bg7
{[%clk 0:04:45]} 32. Kh3 {[%clk 0:04:26]} Raxf2 {[%clk 0:03:32]} 33. Nxf2
{[%clk 0:04:53]} Rxf2 {[%clk 0:03:58]} 34. Qd5+ {[%clk 0:05:20]} Rf7
{[%clk 0:04:21]} 35. Qxc5 {[%clk 0:05:42]} Bc3 {[%clk 0:04:46]} 36. Qc8+
{[%clk 0:05:38]} Kg7 {[%clk 0:05:12]} 37. c5 {[%clk 0:05:53]} Be5
{[%clk 0:04:52]} 38. Qe6 {[%clk 0:05:30]} Bc7 {[%clk 0:05:20]} 39. Kg2
{[%clk 0:03:54]} Nf6 {[%clk 0:05:47]} 40. g4 {[%clk 0:03:55]} g5 {[%clk 0:04:54]}
41. h4 {[%clk 0:02:47]} gxh4 {[%clk 0:05:02]} 42. g5 {[%clk 0:02:08]} Ng8
{[%clk 0:04:09]} 43. Kh3 {[%clk 0:02:00]} Ne7 {[%clk 0:03:26]} 44. Qh6+
{[%clk 0:01:52]} Kg8 {[%clk 0:03:54]} 45. Qxh4 {[%clk 0:01:48]} Ng6
{[%clk 0:03:27]} 46. Qe4 {[%clk 0:01:30]} Kg7 {[%clk 0:03:36]} 47. c6
{[%clk 0:01:20]} Rf4 {[%clk 0:03:22]} 48. Qe8 {[%clk 0:01:08]} Rf3+
{[%clk 0:03:04]} 49. Kg4 {[%clk 0:00:35]} Ne5+ {[%clk 0:03:08]} 50. Kh4
{[%clk 0:01:00]} Rf8 {[%clk 0:03:18]} 51. Qe7+ {[%clk 0:00:35]} Rf7
{[%clk 0:03:47]} 52. Qe8 {[%clk 0:00:49]} Ng6+ {[%clk 0:03:06]} 53. Kh5
{[%clk 0:01:05]} Re7 {[%clk 0:02:34]} 54. Qc8 {[%clk 0:01:31]} Ne5
{[%clk 0:02:41]} 55. Qf5 {[%clk 0:01:36]} Rf7 {[%clk 0:03:02]} 56. Qe6
{[%clk 0:02:03]} Ng6 {[%clk 0:03:22]} 57. Qe8 {[%clk 0:02:21]} Be5
{[%clk 0:00:49]} 58. Qa8 {[%clk 0:01:25]} Rf4 59. Qb7+ Kf8 60. Qc8+ Kf7 61. Qd7+
1/2-1/2

[Event "Sport Summer 2016"]
[Site "Paracin"]
[Date "2016.07.14"]
[Round "9.10"]
[White "Abramovic, Bosko"]
[Black "Becker, Marcel"]
[Result "1/2-1/2"]
[BlackElo "2380"]
[WhiteElo "2422"]
[LiveChessVersion "1.4.8"]

1. Nf3 {[%clk 1:30:55]} d5 {[%clk 1:30:50]} 2. g3 {[%clk 1:31:11]} c6
{[%clk 1:30:58]} 3. Bg2 {[%clk 1:31:33]} Bg4 {[%clk 1:31:16]} 4. d3
{[%clk 1:31:55]} Nd7 {[%clk 1:31:16]} 5. Nbd2 {[%clk 1:31:53]} e6
{[%clk 1:31:27]} 6. h3 {[%clk 1:31:07]} Bh5 {[%clk 1:31:50]} 7. e4
{[%clk 1:31:29]} Bd6 {[%clk 1:32:06]} 8. O-O {[%clk 1:31:32]} Ne7
{[%clk 1:32:04]} 9. d4 {[%clk 1:31:05]} O-O {[%clk 1:30:42]} 10. Re1
{[%clk 1:29:58]} Bc7 {[%clk 1:30:29]} 11. c3 {[%clk 1:30:06]} f6 {[%clk 1:29:35]}
12. b3 {[%clk 1:23:00]} Re8 {[%clk 1:23:58]} 13. Ba3 {[%clk 1:19:37]} e5
{[%clk 1:22:28]} 14. dxe5 {[%clk 1:18:00]} Nxe5 {[%clk 1:22:39]} 15. Qc2
{[%clk 1:17:02]} Nxf3+ {[%clk 1:17:12]} 16. Nxf3 {[%clk 1:14:10]} dxe4
{[%clk 1:13:34]} 17. Nd4 {[%clk 1:04:23]} Be5 {[%clk 1:07:25]} 18. Bxe4
{[%clk 1:03:40]} Bg6 {[%clk 1:05:58]} 19. Bxe7 {[%clk 0:56:57]} Bxe4
{[%clk 1:00:37]} 20. Rxe4 {[%clk 0:55:16]} Rxe7 {[%clk 0:59:42]} 21. Rae1
{[%clk 0:49:17]} Qd7 {[%clk 0:53:16]} 22. Kg2 {[%clk 0:48:23]} Rae8
{[%clk 0:53:36]} 23. Qe2 {[%clk 0:47:36]} Kf8 {[%clk 0:47:47]} 24. Qf3
{[%clk 0:23:06]} Bxd4 {[%clk 0:45:10]} 25. Rxd4 {[%clk 0:23:27]} Qc7
{[%clk 0:44:58]} 26. Rxe7 {[%clk 0:22:58]} Rxe7 {[%clk 0:42:21]} 27. Qd3
{[%clk 0:22:34]} g6 {[%clk 0:42:31]} 28. Rd6 {[%clk 0:22:25]} Kg7
{[%clk 0:41:47]} 29. Qd4 {[%clk 0:22:36]} Rf7 {[%clk 0:41:42]} 30. b4
{[%clk 0:19:57]} Qb6 {[%clk 0:40:09]} 31. Qxb6 {[%clk 0:12:58]} axb6
{[%clk 0:38:52]} 32. c4 {[%clk 0:13:23]} Rc7 {[%clk 0:37:54]} 33. Kf3
{[%clk 0:12:58]} Kf7 {[%clk 0:38:11]} 34. Rd8 {[%clk 0:13:13]} Ke7
{[%clk 0:35:33]} 35. Rh8 {[%clk 0:12:20]} Ke6 {[%clk 0:34:45]} 36. Re8+
{[%clk 0:11:09]} Kf7 {[%clk 0:34:58]} 37. Rh8 {[%clk 0:10:31]} Ke6
{[%clk 0:34:49]} 38. Re8+ {[%clk 0:10:13]} Ke5 39. Ke4+ 1/2-1/2

[Event "Sport Summer 2016"]
[Site "Paracin"]
[Date "2016.07.14"]
[Round "9.11"]
[White "Radovanovic, Nikola"]
[Black "Nestorovic, Lazar"]
[Result "1/2-1/2"]
[BlackElo "2340"]
[WhiteElo "2392"]
[LiveChessVersion "1.4.8"]

1. d4 Nf6 2. c4 e6 3. Nc3 Bb4 4. e3 Ne4 5. Qc2 f5 6. Bd3 O-O 7. Nf3 Bxc3+ 8. bxc3
b6 9. Nd2 Nd6 10. O-O Bb7 11. f3 Qh4 12. Nb3 Rf6 13. c5 Nf7 14. e4 fxe4 15. Bxe4
Bxe4 16. Qxe4 Qxe4 17. fxe4 Rxf1+ 18. Kxf1 Nc6 19. Ke2 d6 20. cxd6 1/2-1/2

[Event "Sport Summer 2016"]
[Site "Paracin"]
[Date "2016.07.14"]
[Round "9.12"]
[White "Ratkovic, Milovan"]
[Black "Agdelen, Huseyin Can"]
[Result "1/2-1/2"]
[BlackElo "2061"]
[WhiteElo "2382"]
[LiveChessVersion "1.4.8"]

1. d4 {[%clk 1:30:56]} Nf6 {[%clk 1:30:53]} 2. c4 {[%clk 1:31:17]} g6
{[%clk 1:31:15]} 3. f3 {[%clk 1:31:41]} Nc6 {[%clk 1:29:00]} 4. Nc3
{[%clk 1:30:39]} Bg7 {[%clk 1:19:40]} 5. d5 {[%clk 1:26:41]} Ne5 {[%clk 1:20:01]}
6. e4 {[%clk 1:26:41]} d6 {[%clk 1:20:23]} 7. f4 {[%clk 1:24:36]} Ned7
{[%clk 1:20:46]} 8. Nh3 {[%clk 1:20:38]} c6 {[%clk 1:14:00]} 9. Be2
{[%clk 1:18:41]} O-O {[%clk 1:12:11]} 10. Nf2 {[%clk 1:18:13]} cxd5
{[%clk 1:01:36]} 11. cxd5 {[%clk 1:18:21]} Nc5 {[%clk 1:01:20]} 12. O-O
{[%clk 1:18:06]} b5 {[%clk 0:58:51]} 13. a3 {[%clk 1:07:12]} Rb8 {[%clk 0:56:17]}
14. e5 {[%clk 0:51:09]} dxe5 {[%clk 0:50:20]} 15. fxe5 {[%clk 0:51:26]} Nfd7
{[%clk 0:50:45]} 16. e6 {[%clk 0:47:39]} fxe6 {[%clk 0:51:07]} 17. dxe6
{[%clk 0:44:18]} Nxe6 {[%clk 0:51:24]} 18. Be3 {[%clk 0:39:54]} a6
{[%clk 0:44:01]} 19. Qb3 {[%clk 0:38:21]} Nf6 {[%clk 0:43:20]} 20. Rad1
{[%clk 0:37:11]} Qc7 {[%clk 0:43:15]} 21. Ng4 {[%clk 0:31:20]} Kh8
{[%clk 0:42:55]} 22. Nd5 {[%clk 0:28:36]} Nxd5 {[%clk 0:39:26]} 23. Qxd5
{[%clk 0:27:58]} Rxf1+ {[%clk 0:39:21]} 24. Bxf1 {[%clk 0:21:05]} Nf8
{[%clk 0:36:35]} 25. Nh6 {[%clk 0:13:48]} Be6 {[%clk 0:36:35]} 26. Qf3
{[%clk 0:13:26]} Qe5 {[%clk 0:32:12]} 27. Bf4 {[%clk 0:09:10]} Qc5+
{[%clk 0:32:37]} 28. Kh1 {[%clk 0:09:35]} Rc8 {[%clk 0:32:54]} 29. Qb7
{[%clk 0:04:29]} Bxh6 {[%clk 0:29:55]} 30. Bxh6 {[%clk 0:04:17]} Qh5
{[%clk 0:30:18]} 31. Rc1 {[%clk 0:02:57]} Rxc1 {[%clk 0:20:03]} 32. Bxc1
{[%clk 0:03:25]} Qd1 {[%clk 0:20:24]} 33. Qf3 {[%clk 0:03:51]} Qxf3
{[%clk 0:20:37]} 34. gxf3 {[%clk 0:04:20]} Bd5 {[%clk 0:21:01]} 35. Kg2
{[%clk 0:04:32]} Ne6 {[%clk 0:21:21]} 36. Kf2 {[%clk 0:03:22]} Kg7
{[%clk 0:21:40]} 37. Be3 {[%clk 0:03:27]} Kf6 {[%clk 0:21:46]} 38. Bh3
{[%clk 0:03:37]} Ng5 {[%clk 0:20:52]} 39. Bg2 {[%clk 0:01:11]} Nf7
{[%clk 0:21:16]} 40. Bh3 {[%clk 0:01:12]} Nd6 {[%clk 0:21:11]} 41. Bd4+
{[%clk 0:01:25]} e5 {[%clk 0:21:24]} 42. Bc3 {[%clk 0:01:40]} Be6
{[%clk 0:21:21]} 43. Bg2 {[%clk 0:02:02]} g5 {[%clk 0:21:46]} 44. Bf1
{[%clk 0:01:34]} Bc4 {[%clk 0:20:18]} 45. Bh3 {[%clk 0:01:49]} Be6
{[%clk 0:18:08]} 46. Bf1 {[%clk 0:02:16]} Nf5 {[%clk 0:14:53]} 47. Bd3
{[%clk 0:02:25]} h5 {[%clk 0:13:56]} 48. Bxf5 {[%clk 0:02:39]} Kxf5
{[%clk 0:14:23]} 49. Ke3 {[%clk 0:02:53]} h4 {[%clk 0:14:40]} 50. Be1
{[%clk 0:02:59]} Bd5 {[%clk 0:15:05]} 51. Ba5 {[%clk 0:02:13]} e4
{[%clk 0:09:25]} 52. fxe4+ {[%clk 0:02:36]} Bxe4 {[%clk 0:09:53]} 53. Bd8
{[%clk 0:02:59]} Bc6 {[%clk 0:10:06]} 54. Be7 {[%clk 0:03:23]} Kg4
{[%clk 0:10:17]} 55. Bd8 {[%clk 0:03:30]} Kh5 {[%clk 0:10:12]} 56. Be7
{[%clk 0:03:41]} Bd7 {[%clk 0:08:00]} 57. Bd8 {[%clk 0:04:03]} g4
{[%clk 0:07:58]} 58. Kf4 {[%clk 0:04:06]} g3 {[%clk 0:06:58]} 59. hxg3
{[%clk 0:04:27]} h3 {[%clk 0:07:22]} 60. g4+ {[%clk 0:04:52]} 1/2-1/2